[Event "Karlsruhe Grenke op"]
[Site "Karlsruhe"]
[Date "2024.03.30"]
[Round "4"]
[White "Eugene, Floryan"]
[Black "Solonar, Stefan"]
[Result "1-0"]
[WhiteElo "2422"]
[BlackElo "2271"]
[PlyCount "81"]
[EventDate "2024.03.28"]
[EventType "swiss"]
[EventRounds "9"]
[EventCountry "GER"]
[SourceTitle "CB14_2024"]
[SourceDate "2024.04.01"]
[SourceVersion "1"]
[SourceVersionDate "2024.04.01"]
[SourceQuality "1"]

1. e4 c5 2. Nf3 Nc6 3. Bb5 g6 4. 0-0 Bg7 5. Re1 Nf6 6. e5 Nd5 7. Nc3 Nc7 8. Bxc6 dxc6 9. Ne4 Ne6 10. d3 0-0 11. Be3 Nd4 12. Nxd4 cxd4 13. Bf4 Be6 14. Qd2 Qd5 15. c4 dxc3 16. Nxc3 Qd7 17. d4 Bd5 18. Re3 Rfd8 19. Rg3 Qf5 20. Rd1 Rd7 21. Bh6 Rad8 22. Bxg7 Kxg7 23. Rg5 Qe6 24. b4 b6 25. f4 f5 26. exf6+ exf6 27. f5 Qd6 28. Rg4 Qxb4 29. Rf1 Bf7 30. fxg6 Bxg6 31. Rff4 Qe7 32. h4 Kh8 33. Rg3 Re8 34. h5 Bxh5 35. Rh4 Qf7 36. Qh6 Be2 37. Rf4 Bc4 38. Rxf6 Qe7 39. Ne4 Rg8 40. Ng5 Rxd4 41. Rf7 1-0

[Event "Heusenstamm Schloss op"]
[Site "Heusenstamm"]
[Date "2022.11.18"]
[Round "3"]
[White "Braeutigam, Thomas"]
[Black "Solonar, Stefan"]
[Result "0-1"]
[WhiteElo "2051"]
[BlackElo "2282"]
[PlyCount "112"]
[EventDate "2022.11.17"]
[EventType "swiss"]
[EventRounds "7"]
[EventCountry "GER"]
[SourceTitle "CBM 212 Extra"]
[Source "ChessBase"]
[SourceDate "2023.03.31"]
[SourceVersion "1"]
[SourceVersionDate "2023.03.31"]
[SourceQuality "1"]

1. d4 Nf6 2. Nf3 d6 3. g3 Nbd7 4. Bg2 e5 5. 0-0 g6 6. b3 Bg7 7. dxe5 dxe5 8. Bb2 Qe7 9. e3 0-0 10. Qc1 e4 11. Nfd2 b6 12. Nc3 Bb7 13. h3 Rfe8 14. Rd1 Nf8 15. Nc4 Ne6 16. Ba3 Nc5 17. Rb1 a6 18. Nd2 Qe5 19. Bb2 Qf5 20. Ne2 h5 21. Nd4 Qg5 22. h4 Qg4 23. Nf1 Rad8 24. b4 Na4 25. Nh2 Qc8 26. Ba1 c5 27. bxc5 Qxc5 28. c4 Qc7 29. Qa3 Nc5 30. Rdc1 Nfd7 31. Rc2 Nd3 32. Qb3 Be5 33. Nf1 N3c5 34. Qb4 Bd6 35. Qc3 Ne5 36. Ne2 Nf3+ 37. Bxf3 Be5 38. Qb4 exf3 39. Nf4 Be4 40. Rd2 Bxb1 41. Qxb1 Bxa1 42. Qxa1 Ne4 43. Rd4 Rxd4 44. Qxd4 b5 45. cxb5 axb5 46. Qd1 Qc4 47. a3 Rc8 48. Qxf3 Qxf1+ 49. Kxf1 Nd2+ 50. Kg2 Nxf3 51. Kxf3 Ra8 52. Ke2 Rxa3 53. e4 Ra2+ 54. Ke3 b4 55. Nh3 b3 56. Kd3 Rc2 0-1

[Event "Heusenstamm Sparkassen op-A 7th"]
[Site "Heusenstamm"]
[Date "2021.11.20"]
[Round "4.3"]
[White "Karsay, Pascal"]
[Black "Solonar, Stefan"]
[Result "0-1"]
[WhiteElo "2309"]
[BlackElo "2298"]
[PlyCount "150"]
[EventDate "2021.11.18"]
[EventType "swiss"]
[EventRounds "7"]
[EventCountry "GER"]
[SourceTitle "EXT 2023"]
[Source "ChessBase"]
[SourceDate "2022.10.05"]
[SourceVersion "1"]
[SourceVersionDate "2022.10.05"]
[SourceQuality "1"]

1. Nf3 Nf6 2. c4 d6 3. d4 Nbd7 4. Nc3 g6 5. e4 e5 6. h3 Bg7 7. Be3 0-0 8. d5 Nc5 9. Nd2 a5 10. g4 c6 11. Rg1 Bd7 12. Be2 cxd5 13. cxd5 a4 14. a3 Qb8 15. Bxc5 dxc5 16. Bb5 Bxb5 17. Nxb5 Ra5 18. Qe2 Qd8 19. Rg3 Bh6 20. g5 Nh5 21. gxh6 Nxg3 22. fxg3 Qb6 23. Nc4 Qxb5 24. Nxa5 Qxa5+ 25. Qd2 Qxd2+ 26. Kxd2 f5 27. Ke3 Kf7 28. exf5 gxf5 29. g4 Ke7 30. Rf1 Rf6 31. Rxf5 Rxh6 32. Rxe5+ Kd7 33. Ke4 Rxh3 34. Rf5 Ke7 35. Re5+ Kd7 36. Rg5 Kd6 37. Rg7 Rh4 38. Rxb7 Rxg4+ 39. Kd3 Rh4 40. Rg7 Kxd5 41. Rg5+ Kc6 42. Kc3 Kb5 43. Rg8 Rh3+ 44. Kc2 h5 45. Rf8 Rh4 46. Kc3 Rc4+ 47. Kd3 Rd4+ 48. Kc3 h4 49. Rf6 Rg4 50. Rh6 Rg3+ 51. Kc2 h3 52. Rh4 Rg2+ 53. Kc3 h2 54. Rh6 Ka5 55. Kc4 Rc2+ 56. Kd3 Rxb2 57. Kc4 Rc2+ 58. Kd3 Ra2 59. Kc4 Rxa3 60. Rxh2 Ra1 61. Kxc5 Rc1+ 62. Kd4 a3 63. Rh8 Ka4 64. Ra8+ Kb3 65. Rb8+ Kc2 66. Ra8 Rd1+ 67. Kc4 Rd3 68. Rh8 Rd2 69. Ra8 Kb2 70. Rb8+ Kc1 71. Ra8 a2 72. Kc3 Rg2 73. Ra7 Rc2+ 74. Kd3 Kb1 75. Ra8 Rb2 0-1

[Event "BL2-Sued 1819"]
[Site "Germany"]
[Date "2019.03.23"]
[Round "9.8"]
[White "Burri, Quentin"]
[Black "Solonar, Stefan"]
[Result "1-0"]
[WhiteElo "2422"]
[BlackElo "2303"]
[PlyCount "101"]
[EventDate "2018.11.10"]
[EventType "team-tourn"]
[EventRounds "10"]
[EventCountry "GER"]
[SourceTitle "CBM 190 Extra"]
[Source "ChessBase"]
[SourceDate "2019.07.15"]
[SourceVersion "1"]
[SourceVersionDate "2019.07.15"]
[SourceQuality "1"]
[WhiteTeam "Emmendingen"]
[BlackTeam "Heusenstamm"]
[WhiteTeamCountry "GER"]
[BlackTeamCountry "GER"]

1. e4 c5 2. Nf3 Nc6 3. Bb5 g6 4. c3 Nf6 5. Qe2 Bg7 6. h3 0-0 7. d4 cxd4 8. cxd4 d5 9. e5 Ne4 10. 0-0 Bf5 11. Bxc6 bxc6 12. Be3 Qb6 13. Rc1 Rab8 14. b3 f6 15. Nc3 Nxc3 16. Rxc3 Rbc8 17. Rac1 Bd7 18. Rc5 Qb7 19. Ra5 Ra8 20. Bd2 Rfc8 21. Ne1 Qb6 22. Rac5 fxe5 23. dxe5 e6 24. Be3 Qb4 25. Nd3 Qe4 26. Ra5 d4 27. Rc4 c5 28. Raxc5 Bc6 29. f3 Qxe3+ 30. Qxe3 dxe3 31. Rxc6 Rd8 32. Rd6 Bxe5 33. Rxe6 Bd4 34. Kf1 Rac8 35. Re4 Bb6 36. Ke2 Rb8 37. Rc2 Rb7 38. Nb2 a6 39. Nc4 Ba7 40. Nxe3 Rbd7 41. Nc4 Rd1 42. Rd2 R8xd2+ 43. Nxd2 Rg1 44. g4 Rg2+ 45. Kd3 Rh2 46. Rc4 Bg1 47. Rc1 Bf2 48. Rc8+ Kg7 49. Rc7+ Kh6 50. Ne4 Bh4 51. a4 1-0

[Event "Staufer op 31st"]
[Site "Schwaebisch Gmuend"]
[Date "2019.01.05"]
[Round "7"]
[White "Wagner, Hans1111"]
[Black "Solonar, Stefan"]
[Result "1-0"]
[WhiteElo "2106"]
[BlackElo "2314"]
[PlyCount "77"]
[EventDate "2019.01.02"]
[EventType "swiss"]
[EventRounds "9"]
[EventCountry "GER"]
[SourceTitle "CBM 188 Extra"]
[Source "ChessBase"]
[SourceDate "2019.02.26"]
[SourceVersion "1"]
[SourceVersionDate "2019.02.26"]
[SourceQuality "1"]

1. e4 d5 2. exd5 Qxd5 3. Nc3 Qd6 4. d4 c6 5. Nge2 Bf5 6. Ng3 Bg6 7. h4 h6 8. h5 Bh7 9. Nge4 Qb4 10. a3 Qa5 11. Nc5 Qb6 12. Bc4 Nf6 13. Qe2 Nbd7 14. Nxd7 Nxd7 15. d5 cxd5 16. Nxd5 Qc6 17. Bf4 Rc8 18. Ne3 a6 19. Bd5 Qf6 20. Qf3 e5 21. Bxb7 exf4 22. Bxc8 fxe3 23. Bxd7+ Kxd7 24. Qb7+ Kd8 25. 0-0-0+ Bd6 26. Qxa6 Kc7 27. Qa7+ Kc6 28. Qa4+ Kc7 29. Rh4 exf2 30. Rc4+ Kd8 31. Qa8+ Ke7 32. Qb7+ Ke6 33. Rxd6+ Kxd6 34. Rc6+ Ke5 35. Rxf6 gxf6 36. Qf3 Rc8 37. Qxf2 Be4 38. c3 f5 39. g3 1-0

[Event "Staufer op 31st"]
[Site "Schwaebisch Gmuend"]
[Date "2019.01.02"]
[Round "1"]
[White "Solonar, Stefan"]
[Black "Burian, Simon"]
[Result "1/2-1/2"]
[WhiteElo "2314"]
[BlackElo "2140"]
[PlyCount "45"]
[EventDate "2019.01.02"]
[EventType "swiss"]
[EventRounds "9"]
[EventCountry "GER"]
[SourceTitle "CBM 188 Extra"]
[Source "ChessBase"]
[SourceDate "2019.02.26"]
[SourceVersion "1"]
[SourceVersionDate "2019.02.26"]
[SourceQuality "1"]

1. Nf3 c5 2. c4 g6 3. e4 Bg7 4. d4 cxd4 5. Nxd4 Nc6 6. Be3 d6 7. Nc3 Nf6 8. Be2 0-0 9. 0-0 Bd7 10. f3 Qb6 11. Ncb5 a6 12. Nc2 Qa5 13. Nc3 Rfc8 14. Rc1 Be6 15. Qd2 Nd7 16. b4 Qd8 17. Nd5 Bxd5 18. cxd5 Nce5 19. Na3 Nb6 20. f4 Ned7 21. Kh1 Na4 22. Nc4 Rc7 23. Bd4 1/2-1/2

[Event "Heusenstamm Sparkassen op-A 4th"]
[Site "Heusenstamm"]
[Date "2017.11.25"]
[Round "4"]
[White "Maehrlein, Christoph"]
[Black "Solonar, Stefan"]
[Result "0-1"]
[WhiteElo "2035"]
[BlackElo "2315"]
[PlyCount "134"]
[EventDate "2017.11.23"]
[EventType "swiss"]
[EventRounds "7"]
[EventCountry "GER"]
[SourceTitle "EXT 2019"]
[Source "ChessBase"]
[SourceDate "2018.10.10"]
[SourceVersion "1"]
[SourceVersionDate "2018.10.10"]
[SourceQuality "1"]

1. d4 f5 2. Nf3 Nf6 3. g3 g6 4. Bg2 Bg7 5. c4 0-0 6. 0-0 d6 7. Nc3 Qe8 8. Nd5 Nxd5 9. cxd5 Qb5 10. Ng5 h6 11. Ne6 Bxe6 12. dxe6 Nc6 13. e3 Nd8 14. a4 Qc4 15. d5 c6 16. b3 Qxf1+ 17. Qxf1 Bxa1 18. e4 Bg7 19. Qd3 cxd5 20. exd5 Rc8 21. Bd2 b6 22. g4 Nb7 23. b4 a5 24. gxf5 axb4 25. f6 Rxf6 26. Bxb4 Rc1+ 27. Bf1 Rf4 28. Bd2 Rg4+ 29. Kh1 Ra1 30. Be3 Nc5 31. Qb5 Rgxa4 32. Kg2 Ra8 33. Qxb6 Rc8 34. Bb5 Rb1 35. Qa5 Kh7 36. Bc6 Ne4 37. Qa7 Bf6 38. Bd4 Bxd4 39. Qxd4 Nf6 40. Qd3 Rb4 41. Qa6 Rcb8 42. Qa7 Ng8 43. h3 Rf8 44. Qe3 Rb2 45. Ba4 Nf6 46. Qd4 Re2 47. Bd1 Re5 48. Bf3 Rf5 49. Kg3 Ng8 50. Bg4 Rxf2 51. Qxf2 Rxf2 52. Kxf2 Kg7 53. Ke3 Kf6 54. Kf4 h5 55. Bf3 g5+ 56. Kg3 Kg6 57. Be4+ Kf6 58. h4 Ke5 59. Bg6 gxh4+ 60. Kxh4 Nf6 61. Kg5 Kxd5 62. Bf5 Kc5 63. Bh3 d5 64. Kg6 d4 65. Kf7 Nd5 66. Bg2 Nf4 67. Kxe7 Nxe6 0-1

[Event "Pardubice Czech op-A 28th"]
[Site "Pardubice"]
[Date "2017.07.26"]
[Round "6"]
[White "Baasansuren, Erdene"]
[Black "Solonar, Stefan"]
[Result "1-0"]
[WhiteElo "2128"]
[BlackElo "2321"]
[PlyCount "75"]
[EventDate "2017.07.21"]
[EventType "swiss"]
[EventRounds "9"]
[EventCountry "CZE"]
[SourceTitle "CBM 179 Extra"]
[Source "ChessBase"]
[SourceDate "2017.08.23"]
[SourceVersion "1"]
[SourceVersionDate "2017.08.23"]
[SourceQuality "1"]

1. d4 Nf6 2. c4 d6 3. Nf3 g6 4. g3 Bg7 5. Bg2 0-0 6. Nc3 Nbd7 7. 0-0 e5 8. e4 c6 9. h3 Qa5 10. Re1 exd4 11. Nxd4 Ne5 12. Bf1 Be6 13. Nxe6 fxe6 14. Be3 Rad8 15. f4 Nf7 16. Qb3 Rd7 17. Rad1 Kh8 18. Rd2 Re7 19. Bg2 Rfe8 20. g4 g5 21. e5 dxe5 22. fxg5 Nd7 23. Qxb7 Nb6 24. Qxc6 Rc8 25. Bxb6 Qxb6+ 26. Qxb6 axb6 27. Red1 Nxg5 28. Rd8+ Re8 29. Rxe8+ Rxe8 30. h4 Nf7 31. Rd7 Kg8 32. Ne4 Rb8 33. g5 Nd8 34. Bh3 Kf8 35. Nf6 h6 36. Nh5 hxg5 37. Nxg7 Nf7 38. Nxe6+ 1-0

[Event "BL2-Sued 1617"]
[Site "Germany"]
[Date "2017.05.07"]
[Round "9.6"]
[White "Bewersdorff, Oliver"]
[Black "Solonar, Stefan"]
[Result "1/2-1/2"]
[WhiteElo "2288"]
[BlackElo "2325"]
[PlyCount "28"]
[EventDate "2016.10.16"]
[EventType "team-tourn"]
[EventRounds "9"]
[EventCountry "GER"]
[SourceTitle "EXT 2018"]
[Source "ChessBase"]
[SourceDate "2017.10.13"]
[SourceVersion "1"]
[SourceVersionDate "2017.10.13"]
[SourceQuality "1"]
[WhiteTeam "Schott Mainz"]
[BlackTeam "Heusenstamm"]
[WhiteTeamCountry "GER"]
[BlackTeamCountry "GER"]

1. d4 Nf6 2. c4 d6 3. Nf3 g6 4. g3 Bg7 5. Bg2 0-0 6. 0-0 c6 7. Nc3 Qa5 8. e4 e5 9. h3 Nbd7 10. Re1 exd4 11. Nxd4 Ne5 12. Bf1 Be6 13. Nxe6 fxe6 14. Kg2 Rad8 1/2-1/2

[Event "BL2-Sued 1617"]
[Site "Germany"]
[Date "2016.10.16"]
[Round "1.6"]
[White "Solonar, Stefan"]
[Black "Libiszewski, Fabien"]
[Result "1/2-1/2"]
[WhiteElo "2325"]
[BlackElo "2543"]
[PlyCount "91"]
[EventDate "2016.10.16"]
[EventType "team-tourn"]
[EventRounds "9"]
[EventCountry "GER"]
[SourceTitle "CBM 175 Extra"]
[Source "ChessBase"]
[SourceDate "2016.12.12"]
[SourceVersion "1"]
[SourceVersionDate "2016.12.12"]
[SourceQuality "1"]
[WhiteTeam "Heusenstamm"]
[BlackTeam "Viernheim"]
[WhiteTeamCountry "GER"]
[BlackTeamCountry "GER"]

1. c4 e5 2. Nc3 Nf6 3. Nf3 Nc6 4. g3 Bb4 5. Bg2 0-0 6. Nd5 e4 7. Nh4 d6 8. Nxb4 Nxb4 9. a3 Nc6 10. d3 Re8 11. 0-0 h6 12. dxe4 Nxe4 13. Be3 a5 14. Qd3 Qe7 15. b3 Ng5 16. Nf3 Ne5 17. Nxe5 Qxe5 18. Rfe1 Bf5 19. Qd4 Qxd4 20. Bxd4 Be4 21. Bxe4 Rxe4 22. Rad1 Ne6 23. e3 a4 24. b4 c5 25. bxc5 dxc5 26. f3 Nxd4 27. fxe4 Nf3+ 28. Kf2 Nxe1 29. Rxe1 Rd8 30. Ke2 Rd6 31. Rb1 b6 32. e5 Re6 33. Kf3 Kf8 34. Kf4 Ke7 35. Rb2 Kd7 36. Rd2+ Kc7 37. g4 Re7 38. Rd5 Rd7 39. e4 Re7 40. h4 Re6 41. h5 Rc6 42. g5 hxg5+ 43. Kxg5 Re6 44. Kf4 Rh6 45. Kg5 Re6 46. Kf4 1/2-1/2

[Event "Oberliga Ost-B 1516"]
[Site "Germany"]
[Date "2015.12.13"]
[Round "5.5"]
[White "Solonar, Stefan"]
[Black "Kersten, Uwe"]
[Result "1/2-1/2"]
[WhiteElo "2346"]
[BlackElo "2300"]
[PlyCount "152"]
[EventDate "2015.09.20"]
[EventType "team-tourn"]
[EventRounds "11"]
[EventCountry "GER"]
[SourceTitle "EXT 2017"]
[Source "ChessBase"]
[SourceDate "2016.10.25"]
[SourceVersion "1"]
[SourceVersionDate "2016.10.25"]
[SourceQuality "1"]
[WhiteTeam "Heusenstamm"]
[BlackTeam "Kassel"]
[WhiteTeamCountry "GER"]
[BlackTeamCountry "GER"]

1. c4 e5 2. Nc3 d6 3. Nf3 f5 4. g3 Nf6 5. Bg2 Be7 6. 0-0 0-0 7. d4 e4 8. Ng5 h6 9. Nh3 g5 10. f3 exf3 11. exf3 c6 12. Re1 Na6 13. Rb1 Nc7 14. d5 c5 15. Nf2 Rf7 16. Bf1 Bf8 17. Bd3 Bg7 18. Qc2 Nfe8 19. a3 Bd7 20. b4 b6 21. Bd2 Qc8 22. f4 g4 23. Nfd1 Bd4+ 24. Ne3 Ng7 25. bxc5 bxc5 26. Ne2 Bf6 27. Kg2 Re7 28. Nc1 Bd4 29. Nb3 Bf6 30. Na5 Nce8 31. Rb7 h5 32. h4 gxh3+ 33. Kxh3 Kh8 34. Qb1 Bd4 35. Nc6 Rf7 36. Nxd4 cxd4 37. Nc2 Nf6 38. Nxd4 Ng4 39. Kg2 Kg8 40. Qb4 Qf8 41. Nb5 Ne8 42. Nc7 Nxc7 43. Rxc7 h4 44. Rh1 Qg7 45. Rxh4 Qd4 46. Rxg4+ fxg4 47. Qc3 Qb6 48. Rxd7 Rxd7 49. Qf6 Rf8 50. Qe6+ Rdf7 51. Qxg4+ Rg7 52. Qe6+ Rff7 53. Bc3 Qb3 54. Bxg7 Qxd3 55. Bh6 Qc2+ 56. Kh3 Qf5+ 57. Qxf5 Rxf5 58. g4 Rf7 59. f5 Rc7 60. Bf4 Rxc4 61. Bxd6 Rd4 62. Bc5 Rxd5 63. Bxa7 Ra5 64. Bd4 Rxa3+ 65. Kh4 Kf7 66. Kg5 Ra4 67. Be5 Ra5 68. Kf4 Ra4+ 69. Kf3 Ra3+ 70. Ke4 Ra4+ 71. Bd4 Ra2 72. g5 Ra6 73. Bc3 Rc6 74. Bd4 Rd6 75. Ke5 Ra6 76. Kf4 Rd6 1/2-1/2

[Event "Heusenstamm Sparkassen op-A 2nd"]
[Site "Heusenstamm"]
[Date "2015.11.29"]
[Round "7"]
[White "Solonar, Stefan"]
[Black "Werner, Dimo"]
[Result "1-0"]
[WhiteElo "2341"]
[BlackElo "2052"]
[PlyCount "63"]
[EventDate "2015.11.26"]
[EventType "swiss"]
[EventRounds "7"]
[EventCountry "GER"]
[SourceTitle "EXT 2018"]
[Source "ChessBase"]
[SourceDate "2017.10.13"]
[SourceVersion "1"]
[SourceVersionDate "2017.10.13"]
[SourceQuality "1"]

1. c4 Nf6 2. Nc3 g6 3. e4 d6 4. d4 Bg7 5. Nf3 0-0 6. Be2 Nbd7 7. 0-0 e5 8. Qc2 exd4 9. Nxd4 Re8 10. Rd1 Nc5 11. f3 Bd7 12. Be3 a5 13. Ndb5 b6 14. Qd2 Qc8 15. Rab1 Nh5 16. Nd5 Bxb5 17. cxb5 Ra7 18. Bg5 Ne6 19. g4 Nxg5 20. Qxg5 h6 21. Qh4 Nf4 22. Nxf4 g5 23. Qh5 gxf4 24. Bc4 Qd7 25. Rd5 Re5 26. Rxe5 dxe5 27. Bb3 c5 28. Rd1 Qe7 29. Qf5 Rc7 30. Bc4 Qf6 31. Qxf6 Bxf6 32. Rd6 1-0

[Event "Heusenstamm Sparkassen op-A 2nd"]
[Site "Heusenstamm"]
[Date "2015.11.27"]
[Round "3"]
[White "Kropp, Volker"]
[Black "Solonar, Stefan"]
[Result "0-1"]
[WhiteElo "2002"]
[BlackElo "2341"]
[PlyCount "66"]
[EventDate "2015.11.26"]
[EventType "swiss"]
[EventRounds "7"]
[EventCountry "GER"]
[SourceTitle "CBM 169 Extra"]
[Source "ChessBase"]
[SourceDate "2015.12.18"]
[SourceVersion "1"]
[SourceVersionDate "2015.12.18"]
[SourceQuality "1"]

1. d4 Nf6 2. Nf3 d6 3. g3 Nbd7 4. Bg2 e5 5. 0-0 g6 6. c4 Bg7 7. Nc3 0-0 8. e3 Re8 9. b3 c6 10. Bb2 e4 11. Nd2 d5 12. cxd5 cxd5 13. b4 Nf8 14. Qb3 h5 15. Rfc1 h4 16. Qc2 hxg3 17. hxg3 Ne6 18. Nb5 Qb6 19. a4 a6 20. Nc7 Nxc7 21. Qxc7 Qxb4 22. Bc3 Qe7 23. Ba5 Qe6 24. Nb3 Qf5 25. Nc5 Ng4 26. Be1 Bh6 27. Rc3 Qh5 28. Nxb7 a5 29. Nd6 Qh2+ 30. Kf1 Ba6+ 31. Nb5 Rec8 32. Qxa5 Rcb8 33. Qb4 Bxb5+ 0-1

[Event "Heusenstamm Sparkassen op-A 2nd"]
[Site "Heusenstamm"]
[Date "2015.11.27"]
[Round "2"]
[White "Solonar, Stefan"]
[Black "Berberich, Christoph"]
[Result "1-0"]
[WhiteElo "2341"]
[BlackElo "2037"]
[PlyCount "59"]
[EventDate "2015.11.26"]
[EventType "swiss"]
[EventRounds "7"]
[EventCountry "GER"]
[SourceTitle "CBM 169 Extra"]
[Source "ChessBase"]
[SourceDate "2015.12.18"]
[SourceVersion "1"]
[SourceVersionDate "2015.12.18"]
[SourceQuality "1"]

1. c4 Nf6 2. Nc3 c5 3. Nf3 g6 4. e4 d6 5. d4 cxd4 6. Nxd4 Bg7 7. Be2 Nc6 8. Be3 0-0 9. 0-0 Nxd4 10. Bxd4 b6 11. Qd2 Bb7 12. f3 Rc8 13. Rfd1 Qc7 14. Rac1 Nd7 15. Be3 Qb8 16. Nd5 Bxd5 17. exd5 a5 18. Bf1 Qa7 19. Re1 Rc7 20. Kh1 a4 21. Bg5 Bf6 22. Rxe7 Bxg5 23. Qxg5 Rfc8 24. f4 b5 25. Rce1 bxc4 26. Rxf7 Kxf7 27. Re7+ Kf8 28. Rxh7 Ne5 29. Qf6+ Nf7 30. Rh8# 1-0

[Event "Forchheim op-A 14th"]
[Site "Forchheim"]
[Date "2015.10.02"]
[Round "1"]
[White "Haasner, Tom"]
[Black "Solonar, Stefan"]
[Result "0-1"]
[WhiteElo "1942"]
[BlackElo "2346"]
[PlyCount "53"]
[EventDate "2015.10.02"]
[EventType "swiss"]
[EventRounds "5"]
[EventCountry "GER"]
[SourceTitle "EXT 2019"]
[Source "ChessBase"]
[SourceDate "2018.10.10"]
[SourceVersion "1"]
[SourceVersionDate "2018.10.10"]
[SourceQuality "1"]

1. d4 Nf6 2. c4 d6 3. Nc3 Nbd7 4. e4 e5 5. Nge2 c6 6. g3 a6 7. Bg2 b5 8. d5 cxd5 9. cxd5 Be7 10. 0-0 0-0 11. Bd2 Nb6 12. a4 b4 13. Na2 a5 14. b3 Nbd7 15. Rc1 Nc5 16. Be3 Ba6 17. Bxc5 dxc5 18. Qc2 Rc8 19. Rfd1 c4 20. bxc4 Bxc4 21. Qb2 Qb6 22. Bh3 Rc7 23. Nec3 Bc5 24. Nb5 Bxb5 25. axb5 Nxe4 26. Kg2 Nxf2 27. d6 0-1

[Event "GER CupT V5"]
[Site "Juechen Priesterath"]
[Date "2015.01.11"]
[Round "2.2"]
[White "Solonar, Stefan"]
[Black "Harff, Marcel"]
[Result "1/2-1/2"]
[WhiteElo "2350"]
[BlackElo "2273"]
[PlyCount "53"]
[EventDate "2015.01.10"]
[EventType "team-k.o."]
[EventRounds "2"]
[EventCountry "GER"]
[SourceTitle "EXT 2019"]
[Source "ChessBase"]
[SourceDate "2018.10.10"]
[SourceVersion "1"]
[SourceVersionDate "2018.10.10"]
[SourceQuality "1"]
[WhiteTeam "Heusenstamm"]
[BlackTeam "Hochneukirch"]
[WhiteTeamCountry "GER"]
[BlackTeamCountry "GER"]

1. c4 e5 2. Nc3 Nf6 3. Nf3 Nc6 4. g3 d5 5. cxd5 Nxd5 6. Bg2 Nb6 7. 0-0 Be7 8. a3 0-0 9. b4 a6 10. d3 Be6 11. Bb2 Qd7 12. Ne4 f6 13. Nc5 Bxc5 14. bxc5 Nd5 15. e4 Nde7 16. d4 exd4 17. Nxd4 Nxd4 18. Qxd4 Qxd4 19. Bxd4 Nc6 20. Bc3 Rab8 21. Rab1 Rfd8 22. Rfd1 b6 23. Rxd8+ Rxd8 24. cxb6 cxb6 25. Bf1 b5 26. Rc1 Rc8 27. Bb2 1/2-1/2

[Event "Heusenstamm Schloss op 1st"]
[Site "Heusenstamm"]
[Date "2014.11.22"]
[Round "5"]
[White "Solonar, Stefan"]
[Black "Sadzikowski, Daniel"]
[Result "0-1"]
[WhiteElo "2350"]
[BlackElo "2496"]
[PlyCount "70"]
[EventDate "2014.11.20"]
[EventType "swiss"]
[EventRounds "7"]
[EventCountry "GER"]
[SourceTitle "CBM 163 Extra"]
[Source "ChessBase"]
[SourceDate "2014.12.23"]
[SourceVersion "1"]
[SourceVersionDate "2014.12.23"]
[SourceQuality "1"]

1. c4 Nf6 2. Nc3 g6 3. e4 d6 4. d4 Bg7 5. Nf3 0-0 6. Be2 e5 7. 0-0 Nc6 8. d5 Ne7 9. Nd2 Ne8 10. b4 f5 11. c5 Nf6 12. f3 f4 13. Nc4 g5 14. g4 h5 15. h3 Ng6 16. a4 Rf7 17. cxd6 cxd6 18. a5 Bf8 19. Rf2 Rh7 20. Rh2 Bd7 21. Bd2 Rc8 22. Na3 a6 23. Nc4 Rc7 24. Nb6 Be8 25. Be1 hxg4 26. hxg4 Rxh2 27. Kxh2 Rh7+ 28. Kg2 Qc7 29. Bd2 Rh6 30. Qg1 Qh7 31. Rf1 Rh3 32. Be1 Nh4+ 33. Kxh3 Nxf3+ 34. Kg2 Nxg1 35. Rxg1 Bg6 0-1

[Event "Heusenstamm Schloss op 1st"]
[Site "Heusenstamm"]
[Date "2014.11.20"]
[Round "1"]
[White "Solonar, Stefan"]
[Black "Ruell, Michael"]
[Result "1-0"]
[WhiteElo "2350"]
[BlackElo "1782"]
[PlyCount "45"]
[EventDate "2014.11.20"]
[EventType "swiss"]
[EventRounds "7"]
[EventCountry "GER"]
[SourceTitle "CBM 163 Extra"]
[Source "ChessBase"]
[SourceDate "2014.12.23"]
[SourceVersion "1"]
[SourceVersionDate "2014.12.23"]
[SourceQuality "1"]

1. c4 Nf6 2. Nc3 g6 3. e4 d6 4. d4 Bg7 5. Nf3 0-0 6. Be2 e5 7. 0-0 Nc6 8. d5 Ne7 9. Nd2 Ne8 10. b4 f5 11. c5 Nf6 12. f3 f4 13. Nc4 b5 14. Nxb5 a6 15. cxd6 axb5 16. dxe7 Qxe7 17. Na3 Qxb4 18. Nxb5 Bd7 19. a4 Nh5 20. Ba3 Qa5 21. Qe1 Rfb8 22. Qxa5 Rxa5 23. Bb4 1-0

[Event "Oberliga Ost-B 1415"]
[Site "Germany"]
[Date "2014.10.18"]
[Round "2.4"]
[White "Duncker, Joachim"]
[Black "Solonar, Stefan"]
[Result "1/2-1/2"]
[WhiteElo "2251"]
[BlackElo "2353"]
[PlyCount "78"]
[EventDate "2014.09.21"]
[EventType "team-tourn"]
[EventRounds "11"]
[EventCountry "GER"]
[SourceTitle "EXT 2016"]
[Source "ChessBase"]
[SourceDate "2015.10.08"]
[SourceVersion "1"]
[SourceVersionDate "2015.10.08"]
[SourceQuality "1"]
[WhiteTeam "Marburg"]
[BlackTeam "Heusenstamm"]
[WhiteTeamCountry "GER"]
[BlackTeamCountry "GER"]

1. e4 c5 2. Nc3 e6 3. f4 a6 4. a4 Nc6 5. Bc4 Nf6 6. d3 d5 7. Ba2 b5 8. e5 Nd7 9. Nf3 b4 10. Ne2 Be7 11. 0-0 g6 12. Ng3 Bb7 13. Qe1 Qb6 14. Be3 0-0-0 15. Bf2 h6 16. Nd2 g5 17. Be3 gxf4 18. Bxf4 Bg5 19. a5 Qc7 20. Bxg5 hxg5 21. Rxf7 Ncxe5 22. Rg7 g4 23. d4 cxd4 24. Nb3 Kb8 25. Qd2 Nc4 26. Qxd4 e5 27. Qxg4 Ne3 28. Qxb4 Nxc2 29. Qc3 Nxa1 30. Qxc7+ Kxc7 31. Nxa1 Rdg8 32. Rf7 Rf8 33. Rg7 Rf6 34. Nc2 d4 35. Nb4 Kd6 36. Bb1 Rc8 37. Nf5+ Rxf5 38. Bxf5 Rc1+ 39. Kf2 Nc5 1/2-1/2

[Event "Oberliga Ost-B 1314"]
[Site "Germany"]
[Date "2014.04.06"]
[Round "11.3"]
[White "Guenther, Christian1111"]
[Black "Solonar, Stefan"]
[Result "0-1"]
[WhiteElo "2175"]
[BlackElo "2330"]
[PlyCount "92"]
[EventDate "2013.10.13"]
[EventType "team-tourn"]
[EventRounds "11"]
[EventCountry "GER"]
[SourceTitle "EXT 2015"]
[Source "ChessBase"]
[SourceDate "2014.11.20"]
[SourceVersion "1"]
[SourceVersionDate "2014.11.20"]
[SourceQuality "1"]
[WhiteTeam "Sangerhausen"]
[BlackTeam "Heusenstamm"]
[WhiteTeamCountry "GER"]
[BlackTeamCountry "GER"]

1. d4 Nf6 2. c4 d6 3. Nc3 Nbd7 4. e4 e5 5. Nf3 g6 6. Be2 Bg7 7. 0-0 0-0 8. dxe5 dxe5 9. Qc2 c6 10. b3 Re8 11. Bb2 Nh5 12. g3 Nc5 13. Rfd1 Qf6 14. Ne1 Ne6 15. Na4 Nd4 16. Bxd4 exd4 17. f4 Qe7 18. e5 f6 19. Bxh5 gxh5 20. exf6 Bxf6 21. Nd3 Bf5 22. Qf2 Qg7 23. Nab2 Re3 24. Ne5 Bxe5 25. fxe5 Qxe5 26. Rf1 Bg6 27. c5 Qxc5 28. Nc4 Re7 29. Rad1 Rd8 30. Rd2 Rf7 31. Qe1 Rxf1+ 32. Qxf1 Rf8 33. Qe1 d3+ 34. Qe3 Qxe3+ 35. Nxe3 b5 36. b4 a5 37. a3 axb4 38. axb4 Ra8 39. Kf2 Kf7 40. Ng2 Ra4 41. Rb2 Ke6 42. Nf4+ Ke5 43. Ke3 Ra3 44. Kd2 Kd4 45. Ne6+ Kc4 46. Nc5 Rc3 0-1